An account of the state of the revenue in the kingdom of Ireland from Xmas[se] 1684 to Xmas[se] 1685 conteining the income and issues thereof : Abstracted out of the records of the auditors office of that kingdom from the vice treasurers accounts which are lodged there and are allowed by com̃issioners authorized by com[m]ission under the broad seal of that kingdom for taking the same.

Bibliographic Details
Format: Manuscript
Language:English
Published: [1691 November 20]
Series:Early English books online.
Subjects:
Online Access:Connect to the full text of this electronic book

MARC

Tag First Indicator Second Indicator Subfields
LEADER 00000ntm a2200000Ia 4500
001 in00004201632
005 20200806085928.0
006 m g d
007 cr bn |||a|bb|
008 060118s1691 enk o 000 0 eng d
035 |a (OCoLC)63041303 
040 |a UMI  |c UMI  |d UMI 
037 |a CL2105000001  |b ProQuest Information and Learning 300 N. Zeeb Rd., Ann Arbor, MI 48103-1553 
043 |a e-uk--- 
090 |a HJ2627  |b .A3 1691 
049 |a UMIA 
245 0 3 |a An account of the state of the revenue in the kingdom of Ireland from Xmas[se] 1684 to Xmas[se] 1685 conteining the income and issues thereof :  |b Abstracted out of the records of the auditors office of that kingdom from the vice treasurers accounts which are lodged there and are allowed by com̃issioners authorized by com[m]ission under the broad seal of that kingdom for taking the same. 
246 1 |i Docket title:  |a No. 112 (2.) State of the Revenue in Ireland from Xmasse 1684 to Xmasse 1685, Abstracted from ye Records of the Auditors Office there Recd 20th Nov 1691 
260 |c [1691 November 20] 
300 |a 1 online resource (2 sheets. 
336 |a text  |b txt  |2 rdacontent 
337 |a computer  |b c  |2 rdamedia 
338 |a online resource  |b cr  |2 rdacarrier 
500 |a Caption title. 
500 |a In manuscript. 
500 |a Signed: Charles Dering Esqr Auditor Gen[era]ll of their Ma[jes]ties Revenue for the Kingdom of Ireland ... 
500 |a Harleian manuscripts. 
500 |a Reproduction of original in the British Library. 
533 |a Electronic reproduction.  |b Ann Arbor, Mich. :  |c UMI,  |d 1999-  |f (Early English books online)  |n Digital version of: (Early English books; Tract supplement ; C14:3[18])  |7 s1999 miun s 
650 0 |a Revenue  |z Ireland  |v Early works to 1800. 
651 0 |a Ireland  |x History  |y 17th century  |v Early works to 1800. 
651 0 |a Great Britain  |x History  |y Stuarts, 1603-1714  |v Early works to 1800. 
830 0 |a Early English books online. 
856 4 0 |u http://proxy.library.tamu.edu/login?url=https://search.proquest.com/docview/2248529552  |z Connect to the full text of this electronic book  |t 0 
994 |a 02  |b UMI 
999 f f |s 1cf5898a-8041-3fd8-abdc-a2b1673608df  |i 46a9c3a4-ba17-3346-ae2d-5b97cce53222  |t 0 
952 f f |a Texas A&M University  |b College Station  |c Electronic Resources  |d Available Online  |t 0  |e HJ2627 .A3 1691  |h Library of Congress classification 
998 f f |a HJ2627 .A3 1691  |t 0  |l Available Online